Spell the Marvel Hero #19 - Statistics

General Stats
  • This quiz has been taken 14 times
  • The average score is 12 of 14
Answer Stats
Picture Answer % Correct
Ant-Man
100%
Captain America
100%
Nova
100%
Okoye
100%
Rescue
100%
Thor (Jane Foster)
100%
Captain Mar-Vell
92%
Kitty Pryde
92%
Outlaw
92%
Rocket Raccoon
92%
Energizer
85%
Omega
85%
Rintrah
54%
Colleen Wing
46%
No matching quizzes found
Score Distribution
Percent of People with Each Score
Percentile by Number Answered
Your Score History
You have not taken this quiz